[Event "Østlandsserien 2007/2008, 1. div."]
[Site "Ås, Norwegen"]
[Date "2007.12.09"]
[Round "3"]
[White "Lange, Holger"]
[Black "Lillevold, Frode"]
[Result "0-1"]
[WhiteElo "1688"]
[BlackElo "2075"]
[PlyCount "94"]
[EventDate "2007.??.??"]

1. e4 e5 2. Nf3 Nc6 3. d4 exd4 4. Bc4 Nf6 5. Ng5 d5 6. exd5 Na5 7. Bb5+ c6 8.
dxc6 bxc6 9. Bd3 Be7 10. O-O O-O 11. Bd2 h6 12. Ne4 Be6 13. Qe1 Nc4 14. Nxf6+
Bxf6 15. Qe4 g6 16. Bxh6 Re8 17. b3 Ne5 18. Qe2 Bg4 19. Qd2 Qd5 20. Qf4 Qe6 21.
Bg5 Bg7 22. Bh6 Bf6 23. Bg5 Bg7 24. Bh6 Nxd3 25. cxd3 Be5 26. Qd2 Qf5 27. f3
Qh5 28. Bf4 Bd7 29. Bxe5 Rxe5 30. Na3 Be6 31. Rac1 Re8 32. Rfe1 Bd5 33. Nc2
Bxf3 34. Nxd4 Bxg2 35. Kxg2 Qg4+ 36. Kf1 Qxd4 37. Rxe5 Rxe5 38. Rc4 Rf5+ 39.
Kg2 Qd5+ 40. Re4 Re5 41. Qe3 f5 42. Qh6 Re6 43. Qf4 fxe4 44. Qb8+ Kg7 45. Qxa7+
Kh6 46. Qe3+ Qg5+ 47. Qxg5+ Kxg5 0-1

[Event "Østlandsserien 2007/2008, 1. div."]
[Site "Ås, Norwegen"]
[Date "2007.12.09"]
[Round "3"]
[White "Lange, David"]
[Black "Mella, Aage"]
[Result "0-1"]
[WhiteElo "1468"]
[BlackElo "1658"]
[PlyCount "118"]
[EventDate "2007.??.??"]
[WhiteTeam "Follo 1"]
[BlackTeam "Strømmen 1"]

1. d4 Nf6 2. c4 e6 3. Nf3 b6 4. Nc3 Bb4 5. Bd2 Bb7 6. e3 O-O 7. Be2 c5 8. O-O
d5 9. a3 Bxc3 10. Bxc3 Nbd7 11. Rc1 Ne4 12. Nd2 Ndf6 13. f3 Nxc3 14. bxc3 Qe7
15. Qb3 e5 16. Rfe1 exd4 17. cxd4 Rac8 18. dxc5 Rxc5 19. cxd5 Bxd5 20. Bc4 Rfc8
21. e4 Bxc4 22. Rxc4 Rxc4 23. Nxc4 Qc5+ 24. Ne3 g6 25. Kf2 Kg7 26. Qb4 Nd7 27.
Qxc5 Rxc5 28. Nd5 Ne5 29. Re2 Ra5 30. Ra2 Nc4 31. a4 b5 32. Ke2 Rxa4 33. Rxa4
bxa4 34. Kd3 Nb6 35. Nb4 Kf6 36. Nc6 a3 37. Kc3 a6 38. Kb3 Nc4 39. Nd4 Ne3 40.
g3 Nf1 41. f4 Nd2+ 42. Kxa3 Nxe4 43. Ka4 Ke7 44. Ka5 Kd6 45. Nf3 f6 46. Kxa6
Nf2 47. Kb6 Ng4 48. h3 Nf2 49. Ng1 h5 50. Kb7 Ke6 51. Kc6 Kf5 52. Kd5 Ne4 53.
Kd4 Nxg3 54. Ke3 Ke6 55. Kf3 Nf5 56. Ne2 Kd5 57. Nc3+ Kd4 58. Nb5+ Kd3 59. Nd6
Nxd6 0-1

[Event "Østlandsserien 2007/2008, 1. div."]
[Site "?"]
[Date "2007.12.09"]
[Round "3"]
[White "Furnes, Torstein"]
[Black "Nygaard, Eddy"]
[Result "1/2-1/2"]
[WhiteElo "1548"]
[BlackElo "1747"]
[PlyCount "68"]
[EventDate "2007.??.??"]

1. d4 Nf6 2. c4 e6 3. Nc3 d5 4. Bg5 Nbd7 5. e3 Be7 6. Nf3 O-O 7. Bd3 h6 8. Bf4
c6 9. O-O dxc4 10. Bxc4 b5 11. Bd3 a6 12. Rc1 Bb7 13. Ne4 Nxe4 14. Bxe4 Qb6 15.
Ne5 Nxe5 16. Bxe5 f5 17. Bf3 Rad8 18. Qb3 Kf7 19. Bh5+ g6 20. Bf3 Bd6 21. Bxd6
Rxd6 22. Rc5 Bc8 23. Rfc1 Bd7 24. Qc3 Rd5 25. Bxd5 exd5 26. b4 Rc8 27. Qd2 Kg7
28. R5c2 Re8 29. f4 Qc7 30. Kf2 Qd6 31. a3 Qf6 32. g3 h5 33. h4 Qd6 34. Qc3 Qe6
1/2-1/2

[Event "Østlandsserien 2007/2008, 1. div"]
[Site "Ås"]
[Date "2008.01.12"]
[Round "4.1"]
[White "Guddahl, Viggo"]
[Black "Lange, Holger"]
[Result "1-0"]
[WhiteElo "1986"]
[BlackElo "1651"]
[PlyCount "71"]
[EventDate "2008.??.??"]
[WhiteTeam "O.S.S. 2"]
[BlackTeam "Follo 1"]

1. d4 Nf6 2. Bg5 e6 3. c3 d5 4. Nd2 Be7 5. e3 O-O 6. Bd3 Nbd7 7. Ngf3 c5 8. O-O
b6 9. Ne5 Bb7 10. f4 cxd4 11. exd4 Rc8 12. Qe2 h6 13. Bh4 Nh7 14. Nxd7 Qxd7 15.
Bxe7 Qxe7 16. Rae1 Qd6 17. f5 Rce8 18. f6 Qd8 19. fxg7 Kxg7 20. Qe5+ f6 21. Qh5
f5 22. Rf3 Qf6 23. Rg3+ Kh8 24. Rg6 Qf7 25. Qxh6 Rg8 26. Rxg8+ Qxg8 27. Nf3 Bc8
28. Qh5 Rf8 29. Ne5 Rf6 30. Re3 Qg5 31. Qe8+ Qg8 32. Qh5 Qg5 33. Qh3 Qg8 34.
Rg3 Qe8 35. Qh4 Qd8 36. Nf7+ 1-0

[Event "Østlandsserien 2007/2008, 1. div"]
[Site "Ås"]
[Date "2008.01.12"]
[Round "4.2"]
[White "Høva, Frode"]
[Black "Valla, Martin"]
[Result "0-1"]
[WhiteElo "1558"]
[BlackElo "1937"]
[PlyCount "44"]
[EventDate "2008.??.??"]
[WhiteTeam "Follo 1"]
[BlackTeam "O.S.S. 2"]

1. d4 d5 2. c4 dxc4 3. Nf3 Nf6 4. Nc3 a6 5. a4 Nc6 6. e3 Na5 7. Ne5 Be6 8. e4
Nb3 9. d5 Nxa1 10. Bxc4 Bc8 11. Be3 e6 12. Qxa1 exd5 13. Nxd5 Nxd5 14. Bxd5
Bb4+ 15. Ke2 O-O 16. Rd1 Qe7 17. b3 c6 18. Bc4 Be6 19. f3 Rad8 20. Rh1 Bxc4+
21. bxc4 Bc5 22. Bf4 Bd4 0-1

[Event "Østlandsserien 2007/2008, 1. div"]
[Site "Ås"]
[Date "2008.01.12"]
[Round "4.3"]
[White "Johnsen, Sylvia"]
[Black "Furnes, Torstein"]
[Result "1-0"]
[WhiteElo "1933"]
[BlackElo "1544"]
[PlyCount "85"]
[EventDate "2008.??.??"]
[WhiteTeam "O.S.S. 2"]
[BlackTeam "Follo 1"]

1. e4 c5 2. Nf3 Nc6 3. d3 d6 4. g3 Nf6 5. Bg2 Bg4 6. O-O e6 7. h3 Bh5 8. c3 Be7
9. Nbd2 O-O 10. a4 d5 11. Qe1 Re8 12. Nh2 dxe4 13. dxe4 Qc7 14. f4 h6 15. Nc4
Bg6 16. g4 Rad8 17. f5 exf5 18. Bf4 Qc8 19. exf5 Bh7 20. Qg3 Rd7 21. Rae1 Bf8
22. Ne5 Nxe5 23. Bxe5 Red8 24. g5 hxg5 25. Qxg5 Be7 26. Ng4 Ne8 27. Nh6+ Kf8
28. Bxg7+ Nxg7 29. f6 Bxf6 30. Rxf6 Qc7 31. Rxf7+ Rxf7 32. Nxf7 Kxf7 33. Bd5+
Rxd5 34. Qxd5+ Kf8 35. Rf1+ Nf5 36. Rxf5+ Bxf5 37. Qxf5+ Kg8 38. Qd5+ Kh8 39.
Kg2 Qg7+ 40. Kf3 b6 41. Qh5+ Kg8 42. Qg4 Qxg4+ 43. hxg4 1-0

[Event "Østlandsserien 2007/2008, 1. div"]
[Site "Ås"]
[Date "2008.01.12"]
[Round "4.5"]
[White "Johnsen, John Kr"]
[Black "Lange, David"]
[Result "1-0"]
[WhiteElo "1641"]
[BlackElo "1522"]
[PlyCount "145"]
[EventDate "2008.??.??"]
[WhiteTeam "O.S.S. 2"]
[BlackTeam "Follo 1"]

1. c4 e5 2. Nc3 Nc6 3. Nf3 d6 4. g3 f5 5. d3 Nf6 6. Bg2 Be7 7. O-O O-O 8. a3
Qe8 9. b4 a6 10. Rb1 h6 11. Bd2 Qh5 12. Ne1 g5 13. e3 Qg6 14. Nd5 Nxd5 15. cxd5
Nd8 16. Rc1 c6 17. f4 gxf4 18. exf4 cxd5 19. Bxd5+ Be6 20. Bf3 Bf7 21. Rc7 Re8
22. Bg2 Bf6 23. fxe5 dxe5 24. Qf3 Be6 25. Kh1 Be7 26. Bh3 Bd6 27. Rc1 Rf8 28.
Qe3 f4 29. Bxe6+ Qxe6 30. gxf4 exf4 31. Qf3 Nc6 32. Rg1+ Kh7 33. Rc4 Qf5 34.
Bc3 Rf7 35. Re4 Ne5 36. Bxe5 Bxe5 37. d4 Bd6 38. Nd3 Rg8 39. Rxg8 Kxg8 40. Re8+
Kh7 41. Re4 Qg5 42. Re2 Rg7 43. Rg2 Qxg2+ 44. Qxg2 Rxg2 45. Kxg2 f3+ 46. Kxf3
Bxh2 47. Nc5 Bg1 48. d5 b6 49. d6 Bh2 50. d7 Bc7 51. Nxa6 Bd8 52. Nb8 Kg7 53.
Nc6 Bc7 54. d8=Q Bxd8 55. Nxd8 Kf6 56. a4 Ke7 57. Nb7 Kd7 58. a5 bxa5 59. bxa5
Kc6 60. a6 Kc7 61. Kg4 Kb8 62. Kh5 Kc7 63. Kxh6 Kb6 64. Nc5 Ka7 65. Kg6 Kb6 66.
Kf6 Ka7 67. Ke6 Kb8 68. Kd6 Ka8 69. Kc6 Ka7 70. Kb5 Ka8 71. Kb6 Kb8 72. Ne6 Ka8
73. Nc7+ 1-0

[Event "Østlandsserien 2007/2008, 1. div."]
[Site "?"]
[Date "2008.01.13"]
[Round "5"]
[White "Furnes, Torstein"]
[Black "Lerstad, Bjørn"]
[Result "0-1"]
[WhiteElo "1548"]
[BlackElo "1844"]
[PlyCount "52"]
[EventDate "2008.??.??"]

1. d4 Nf6 2. c4 c5 3. d5 g6 4. Nc3 d6 5. e4 Bg7 6. Nf3 Bg4 7. Be2 Nbd7 8. O-O
O-O 9. Be3 a6 10. Qd2 Re8 11. h3 Bxf3 12. Bxf3 Qc7 13. Be2 Rad8 14. f4 e6 15.
g4 exd5 16. exd5 Nxg4 17. hxg4 Rxe3 18. Kg2 Rde8 19. Bd3 Nf6 20. Be2 Qd8 21.
Rh1 Qd7 22. g5 Nh5 23. Bxh5 gxh5 24. Qd1 Bxc3 25. bxc3 Re2+ 26. Kf1 Qg4 0-1

[Event "Østlandsserien 2007/2008, 1. div."]
[Site "Ås, Norwegen"]
[Date "2008.01.13"]
[Round "5"]
[White "Lange, Holger"]
[Black "Edvardsen, Ragnar"]
[Result "0-1"]
[WhiteElo "1688"]
[BlackElo "1866"]
[PlyCount "120"]
[EventDate "2008.??.??"]
[WhiteTeam "Follo 1"]
[BlackTeam "Drammen 2"]

1. e4 c5 2. Nf3 Nc6 3. d4 cxd4 4. Nxd4 Nf6 5. Nc3 e5 6. Ndb5 d6 7. Bg5 a6 8.
Na3 b5 9. Nd5 Be7 10. Bxf6 Bxf6 11. c3 Bg5 12. Bd3 O-O 13. O-O Be6 14. Bc2 Rb8
15. f4 exf4 16. Nxf4 Qb6+ 17. Kh1 Bxf4 18. Rxf4 Ne5 19. Qd2 a5 20. Rd1 b4 21.
Nb1 Nc4 22. Qc1 Ne3 23. Re1 Nxc2 24. Qxc2 Bxa2 25. Nd2 bxc3 26. bxc3 Qb2 27.
Qd3 Be6 28. Rff1 Qa3 29. Ra1 Qc5 30. Rfc1 Rb2 31. c4 Qf2 32. Rc2 Rxc2 33. Qxc2
Bxc4 34. Qc3 Be6 35. Qxa5 Qc5 36. Qxc5 dxc5 37. Rc1 Rd8 38. Nf3 c4 39. Kg1 h6
40. Kf2 Kf8 41. Rc3 Ke7 42. Ke3 Kd6 43. Nd2 Kc5 44. Ra3 Kb4 45. Ra7 Rd3+ 46.
Ke2 Kc3 47. Nf3 Rd7 48. Ra6 Bg4 49. Rc6 Rd2+ 50. Ke3 Rd3+ 51. Kf4 Bxf3 52. gxf3
Rd7 53. e5 Kb3 54. Ke4 c3 55. Rb6+ Kc2 56. Rc6 Kb2 57. Rb6+ Kc1 58. Rc6 c2 59.
Rd6 Rb7 60. Rc6 Kb2 0-1

[Event "Østlandsserien 2007/2008, 1. div."]
[Site "Ås, Norwegen"]
[Date "2008.01.13"]
[Round "5"]
[White "Lange, David"]
[Black "Herregård, Bjørn Erik"]
[Result "1-0"]
[WhiteElo "1522"]
[BlackElo "1446"]
[PlyCount "115"]
[EventDate "2008.??.??"]

1. d4 f5 2. c4 Nf6 3. Nf3 g6 4. Nc3 Bg7 5. Qc2 O-O 6. Bg5 d6 7. e3 c6 8. O-O-O
a6 9. Bd3 b5 10. cxb5 axb5 11. Qb3+ Kh8 12. Bxf6 Bxf6 13. d5 Bd7 14. dxc6 Nxc6
15. Bxb5 Na5 16. Qc2 Bxb5 17. Nxb5 Rc8 18. Nc3 Bxc3 19. bxc3 Qc7 20. Nd4 Qxc3
21. Qxc3 Rxc3+ 22. Kb2 Rc4 23. Nb3 Rb8 24. Rd4 Rxd4 25. exd4 Kg7 26. Rc1 d5 27.
Rc5 Nc4+ 28. Kc3 Nb6 29. Kd3 Ra8 30. Ra5 Rxa5 31. Nxa5 Kf7 32. Nb3 Ke6 33. Nc5+
Kd6 34. a4 e5 35. a5 e4+ 36. Ke2 Na8 37. a6 Kc6 38. Ke3 Kb6 39. Kf4 Nc7 40. Ke5
Nxa6 41. Nxa6 Kxa6 42. Kxd5 Kb6 43. g4 fxg4 44. Kxe4 Kc6 45. d5+ Kd6 46. Kd4 h5
47. Ke4 h4 48. Kd4 g5 49. Ke4 g3 50. fxg3 hxg3 51. hxg3 g4 52. Kf4 Kxd5 53.
Kxg4 Ke6 54. Kg5 Kf7 55. Kh6 Kg8 56. g4 Kh8 57. g5 Kg8 58. Kg6 1-0

[Event "Østlandsserien 2007/2008, 1. div"]
[Site "Ås, Akershus NOR"]
[Date "2008.02.09"]
[Round "6"]
[White "Breivik, Lars"]
[Black "Høva, Frode"]
[Result "1-0"]
[WhiteElo "2241"]
[BlackElo "1558"]
[PlyCount "45"]
[EventDate "2007.11.11"]
[WhiteTeam "Drammen 1"]
[BlackTeam "Follo 1"]

1. e4 c5 2. Nf3 d6 3. Bb5+ Bd7 4. Bxd7+ Nxd7 5. O-O Ngf6 6. Re1 e6 7. c3 Be7 8.
d4 d5 9. e5 Ne4 10. Nbd2 Nxd2 11. Bxd2 Qb6 12. b4 cxb4 13. cxb4 O-O 14. Rb1 f6
15. exf6 Nxf6 16. Ng5 e5 17. dxe5 Ng4 18. Qxg4 Qxf2+ 19. Kh1 Qxd2 20. Qe6+ Kh8
21. Nf7+ Rxf7 22. Qxf7 Bxb4 23. Qxb7 1-0

[Event "Østlandsserien 2007/2008, 1. div"]
[Site "Ås, Akershus NOR"]
[Date "2008.02.09"]
[Round "6"]
[White "Furnes, Torstein"]
[Black "Hjelmås, Lars"]
[Result "0-1"]
[WhiteElo "1544"]
[BlackElo "2189"]
[PlyCount "128"]
[EventDate "2007.11.11"]
[WhiteTeam "Follo 1"]
[BlackTeam "Drammen 1"]

1. d4 Nf6 2. c4 g6 3. Nc3 d5 4. cxd5 Nxd5 5. e4 Nxc3 6. bxc3 Bg7 7. Nf3 c5 8.
Bb5+ Bd7 9. Bxd7+ Qxd7 10. O-O O-O 11. Be3 cxd4 12. Bxd4 Qc7 13. Bxg7 Kxg7 14.
Qd4+ Kg8 15. Rfd1 Nc6 16. Qe3 Rfd8 17. Qh6 Rxd1+ 18. Rxd1 Rd8 19. Re1 f6 20.
Qc1 Ne5 21. Nxe5 Qxe5 22. Qc2 Kg7 23. c4 Qa5 24. Ra1 Rd2 25. Qb3 Qe5 26. Re1
Qd4 27. Rf1 Qxe4 28. c5 Qd5 29. Qe3 e5 30. a4 Rd4 31. Qa3 Rc4 32. Rc1 Rxc1+ 33.
Qxc1 Qb3 34. Qa1 Qc2 35. h3 Qxc5 36. Qd1 Qd4 37. Qb3 b6 38. Qc2 a5 39. Qc7+ Kh6
40. Qc1+ g5 41. Qc6 Kg7 42. Qc7+ Kg6 43. Qc6 e4 44. Qe8+ Kf5 45. g4+ Kf4 46.
Qe6 Kf3 47. Qf5+ Ke2 48. Qb5+ Kd2 49. Qb3 e3 50. Qa2+ Ke1 51. Qb1+ Qd1 52. Qb2
Qd2 53. Qb1+ Ke2 54. Qb5+ Qd3 55. Qb2+ Kd1 56. Qa1+ Kc2 57. Qa2+ Kc3 58. Qa3+
Kc4 59. Qc1+ Qc3 60. Qf1+ Kb3 61. Qb5+ Ka3 62. fxe3 Qa1+ 63. Kf2 Qb2+ 64. Qxb2+
Kxb2 0-1

[Event "Østlandsserien 2007/2008, 1. div"]
[Site "Ås, Akershus NOR"]
[Date "2008.02.09"]
[Round "6"]
[White "Eriksen, Terje"]
[Black "Moberg, Jan Rune"]
[Result "1-0"]
[WhiteElo "2076"]
[BlackElo "1483"]
[PlyCount "93"]
[EventDate "2007.11.11"]
[WhiteTeam "Drammen 1"]
[BlackTeam "Follo 1"]

1. Nf3 d6 2. d4 Nd7 3. c4 e5 4. Nc3 Ngf6 5. e4 Be7 6. Be2 c6 7. O-O O-O 8. Be3
Re8 9. Qc2 Qc7 10. Rfd1 Nf8 11. b4 a5 12. a3 Ng6 13. h3 Bf8 14. dxe5 dxe5 15.
c5 Nh5 16. Nd2 Nhf4 17. Bf1 Be6 18. Nc4 Bxc4 19. Bxc4 Qe7 20. Kh2 Qf6 21. g3
Ne6 22. Ne2 h5 23. h4 Be7 24. Kg2 Nxh4+ 25. gxh4 Qg6+ 26. Kf1 Bxh4 27. bxa5 Qg4
28. Ng1 Nf4 29. f3 Qg3 30. Rd7 Re7 31. Rxe7 Bxe7 32. a6 bxa6 33. Rd1 g5 34. Qf2
h4 35. Qxg3 hxg3 36. Ne2 g2+ 37. Kf2 Kg7 38. Rd7 Kf6 39. Rc7 Rh8 40. Rxc6+ Kg7
41. Nxf4 gxf4 42. Bd2 Rh2 43. Bb4 Bh4+ 44. Kg1 Rh3 45. Be2 Rg3 46. Be1 Rh3 47.
Kxg2 1-0

[Event "Østlandsserien 2007/2008, 1. div"]
[Site "Ås, Akershus NOR"]
[Date "2008.02.09"]
[Round "6"]
[White "Lange, David"]
[Black "Ludvigsen, Frode"]
[Result "1-0"]
[WhiteElo "1522"]
[BlackElo "2064"]
[PlyCount "127"]
[EventDate "2007.11.11"]
[WhiteTeam "Follo 1"]
[BlackTeam "Drammen 1"]

1. d4 Nf6 2. c4 e6 3. Nf3 c5 4. e3 g6 5. Nc3 Bg7 6. Be2 O-O 7. O-O b6 8. b3 Bb7
9. Bb2 Qe7 10. dxc5 bxc5 11. Qd2 d6 12. Rfd1 Rd8 13. Nb5 Nc6 14. a3 a6 15. Nc3
Rab8 16. Qc2 Ba8 17. Na2 Qb7 18. Bxf6 Bxf6 19. Rab1 h5 20. b4 cxb4 21. axb4 Ne5
22. c5 Qc6 23. Rdc1 Rdc8 24. Qd1 dxc5 25. Rxc5 Qe4 26. Nc3 Qb7 27. Qf1 Rxc5 28.
bxc5 Qc7 29. Rxb8+ Qxb8 30. Nd4 Qb4 31. Qc1 Qxc5 32. Bxa6 Ng4 33. Nce2 Bxd4 34.
exd4 Qd5 35. f3 Kg7 36. Qc5 Ne3 37. Nc3 Qf5 38. Qe5+ Qxe5 39. dxe5 g5 40. Kf2
Nc2 41. Bd3 Nb4 42. Bb5 Bc6 43. Ke3 Nc2+ 44. Kd2 Nd4 45. Bd3 Nb3+ 46. Ke3 Nc5
47. Be4 Nxe4 48. Nxe4 Kg6 49. Nd6 Bd5 50. g3 f6 51. f4 f5 52. h4 gxh4 53. gxh4
Kg7 54. Kd4 Bf3 55. Kc5 Kf8 56. Nc8 Bb7 57. Nd6 Bf3 58. Kb6 Ke7 59. Kc7 Bd5 60.
Nc8+ Ke8 61. Kd6 Bb3 62. Nb6 Ba2 63. Nd7 Kf7 64. Nf6 1-0

[Event "Østlandsserien 2007/2008, 1. div"]
[Site "Ås, Akershus NOR"]
[Date "2008.02.09"]
[Round "6"]
[White "Egede-Nissen, Bjørn"]
[Black "Samset, Jon"]
[Result "1-0"]
[WhiteElo "1902"]
[BlackElo "1144"]
[PlyCount "55"]
[EventDate "2007.11.11"]
[WhiteTeam "Drammen 1"]
[BlackTeam "Follo 1"]

1. e4 e5 2. Nf3 d6 3. d4 exd4 4. Nxd4 Nf6 5. Nc3 Be7 6. f3 h6 7. Be3 O-O 8. Qd2
Kh7 9. O-O-O Nc6 10. g4 Ng8 11. Be2 Nxd4 12. Bxd4 Be6 13. Kb1 c5 14. Be3 a6 15.
h4 b5 16. g5 h5 17. f4 g6 18. f5 gxf5 19. exf5 Bxf5 20. Bxh5 Qa5 21. Bf3 Rab8
22. Qg2 b4 23. Be4 bxc3 24. Bxf5+ Kh8 25. b3 c4 26. Qf3 cxb3 27. Qh5+ Kg7 28.
Qh7# 1-0

[Event "Østlandsserien 2007/2008, 1. div"]
[Site "Nordstrand, Oslo NOR"]
[Date "2008.02.10"]
[Round "7"]
[White "Sørgjerd, Jan"]
[Black "Høva, Frode"]
[Result "1-0"]
[WhiteElo "2035"]
[BlackElo "1558"]
[PlyCount "50"]
[EventDate "2007.11.11"]
[WhiteTeam "Nordstrand 1"]
[BlackTeam "Follo 1"]

1. d4 Nf6 2. c4 g6 3. Nc3 d5 4. Nf3 Bg7 5. Bf4 c5 6. Bxb8 Rxb8 7. Qa4+ Bd7 8.
Qxa7 cxd4 9. Qxd4 dxc4 10. Qxc4 O-O 11. Qb4 Bc6 12. e3 Qd7 13. Be2 Qf5 14. O-O
e5 15. Rfd1 Ng4 16. h3 Nf6 17. Rd2 Rbd8 18. Rad1 Rxd2 19. Rxd2 g5 20. Bd1 g4
21. hxg4 Nxg4 22. Nh4 Qg5 23. Qxg4 Qxg4 24. Bxg4 Bf6 25. Nf5 Kh8 1-0

[Event "Østlandsserien 2007/2008, 1. div"]
[Site "Nordstrand, Oslo NOR"]
[Date "2008.02.10"]
[Round "7"]
[White "Furnes, Torstein"]
[Black "Gyldenås, Ole Jørn"]
[Result "1/2-1/2"]
[WhiteElo "1544"]
[BlackElo "1971"]
[PlyCount "58"]
[EventDate "2007.11.11"]
[WhiteTeam "Follo 1"]
[BlackTeam "Nordstrand 1"]

1. d4 d5 2. Nf3 Nf6 3. e3 c6 4. c4 e6 5. Nc3 Be7 6. Bd3 Nbd7 7. O-O O-O 8. e4
dxe4 9. Nxe4 Nxe4 10. Bxe4 Nf6 11. Bc2 b6 12. Qd3 Bb7 13. Bg5 g6 14. Qe2 Re8
15. Rad1 Nd7 16. Bxe7 Qxe7 17. Rfe1 Nf6 18. Ne5 Rad8 19. Rd3 Rf8 20. Red1 c5
21. dxc5 Rxd3 22. Nxd3 bxc5 23. Qe3 Be4 24. f3 Bf5 25. g4 Bxd3 26. Qxd3 Rb8 27.
b3 Rc8 28. Kg2 Qb7 29. Kg3 Qc7+ 1/2-1/2

[Event "Østlandsserien 2007/2008, 1. div"]
[Site "Nordstrand, Oslo NOR"]
[Date "2008.02.10"]
[Round "7"]
[White "Gulbrandsen, Tor"]
[Black "Moberg, Jan Rune"]
[Result "1-0"]
[WhiteElo "1912"]
[BlackElo "1483"]
[PlyCount "67"]
[EventDate "2007.11.11"]
[WhiteTeam "Nordstrand 1"]
[BlackTeam "Follo 1"]

1. e4 e5 2. Nf3 d6 3. d4 Nd7 4. Nc3 c6 5. Be2 Ngf6 6. O-O Be7 7. Bg5 h6 8. Bh4
Qc7 9. Qd2 b5 10. Bd3 a6 11. Ne2 O-O 12. Rad1 c5 13. c3 Re8 14. Rfe1 Nf8 15.
Bg3 Ng6 16. Nh4 Nxh4 17. Bxh4 c4 18. Bb1 g5 19. Bg3 Nh5 20. dxe5 Nxg3 21. exd6
Nxe2+ 22. Rxe2 Qb6 23. dxe7 Bg4 24. e5 Bxe2 25. Qxe2 Rxe7 26. Qe4 Ree8 27. Qh7+
Kf8 28. Rd6 Rad8 29. Qxh6+ Ke7 30. Qxg5+ Kf8 31. Qh6+ Ke7 32. Qf6+ Kf8 33. e6
Qc7 34. e7+ 1-0

[Event "Østlandsserien 2007/2008, 1. div"]
[Site "Nordstrand, Oslo NOR"]
[Date "2008.02.10"]
[Round "7"]
[White "Lange, David"]
[Black "Ulvnes, Roar"]
[Result "1/2-1/2"]
[WhiteElo "1522"]
[BlackElo "1910"]
[PlyCount "50"]
[EventDate "2007.11.11"]
[WhiteTeam "Follo 1"]
[BlackTeam "Nordstrand 1"]

1. d4 d5 2. e3 Nf6 3. c4 c6 4. Nf3 e6 5. Nc3 Nbd7 6. Be2 Bd6 7. O-O O-O 8. Qc2
h6 9. e4 dxe4 10. Nxe4 Nxe4 11. Qxe4 Nf6 12. Qc2 Re8 13. Bd2 Nd7 14. Bc3 e5 15.
dxe5 Nxe5 16. Rad1 Qc7 17. Nxe5 Bxe5 18. Bxe5 Rxe5 19. Rfe1 Bf5 20. Bd3 Rae8
21. Rxe5 Qxe5 22. h3 Bxd3 23. Rxd3 Qe1+ 24. Kh2 g6 25. Qd2 Qxd2 1/2-1/2

[Event "Østlandsserien 2007/2008, 1. div"]
[Site "Ås, Akershus NOR"]
[Date "2008.03.08"]
[Round "8"]
[White "Stenersen, Gudmund"]
[Black "Lange, Holger"]
[Result "1-0"]
[WhiteElo "2192"]
[BlackElo "1651"]
[PlyCount "95"]
[EventDate "2007.11.11"]
[WhiteTeam "Stjernen 1"]
[BlackTeam "Follo 1"]

1. e4 c5 2. Nf3 Nc6 3. d4 cxd4 4. Nxd4 Nf6 5. Nc3 d6 6. Bc4 e6 7. Bb3 Be7 8. g4
Nxd4 9. Qxd4 e5 10. Qc4 Be6 11. Nd5 O-O 12. h3 Nd7 13. Be3 Bg5 14. O-O-O Bxe3+
15. fxe3 Nc5 16. c3 Rc8 17. Bc2 a6 18. Rh2 Bd7 19. Qf1 Ba4 20. Bxa4 Nxa4 21.
Qf5 Nb6 22. Rhd2 Nxd5 23. Rxd5 Qb6 24. Rxd6 Qxe3+ 25. Kb1 g6 26. Qxe5 Rce8 27.
Qd5 Qxe4+ 28. Qxe4 Rxe4 29. Rd7 Re3 30. Rxb7 Rxh3 31. c4 Rc8 32. Rc1 Rg3 33. c5
Rxg4 34. c6 Re4 35. b4 h5 36. a4 Kg7 37. c7 h4 38. Rb8 Ree8 39. Rxc8 Rxc8 40.
b5 axb5 41. axb5 h3 42. b6 h2 43. Rh1 Kf6 44. Rxh2 Ke7 45. b7 Kd7 46. b8=Q Rxc7
47. Rd2+ Kc6 48. Rc2+ 1-0

[Event "Østlandsserien 2007/2008, 1. div"]
[Site "Ås, Akershus NOR"]
[Date "2008.03.08"]
[Round "8"]
[White "Lea, Per"]
[Black "Omtvedt, Per"]
[Result "1/2-1/2"]
[WhiteElo "1576"]
[BlackElo "1959"]
[PlyCount "83"]
[EventDate "2007.11.11"]
[WhiteTeam "Follo 1"]
[BlackTeam "Stjernen 1"]

1. e4 Nf6 2. e5 Nd5 3. c4 Nb6 4. d4 d6 5. f4 dxe5 6. fxe5 Nc6 7. Be3 Bf5 8. Nc3
e6 9. Nf3 Bg4 10. b3 Bxf3 11. gxf3 Qh4+ 12. Bf2 Qf4 13. Qd3 O-O-O 14. Ne2 Qxe5
15. O-O-O Qa5 16. Kb2 Qa3+ 17. Kb1 Be7 18. f4 Bf6 19. Bg2 Nb4 20. Qd2 Na6 21.
Nc3 Qb4 22. Ne4 Qxd2 23. Rxd2 Be7 24. Rhd1 g6 25. Nc5 Nxc5 26. dxc5 Rxd2 27.
Rxd2 Na8 28. c6 bxc6 29. Bxa7 Kb7 30. Rd7 Re8 31. Be3 Nb6 32. Rd3 Rd8 33. Rxd8
Bxd8 34. Kc2 Be7 35. Kc3 Bf6+ 36. Kd3 e5 37. b4 exf4 38. Bxf4 Nd7 39. b5 Ne5+
40. Bxe5 Bxe5 41. Bxc6+ Kb6 42. h3 1/2-1/2

[Event "Østlandsserien 2007/2008, 1. div"]
[Site "Ås, Akershus NOR"]
[Date "2008.03.08"]
[Round "8"]
[White "Egeland, Finn"]
[Black "Furnes, Torstein"]
[Result "1-0"]
[WhiteElo "1952"]
[BlackElo "1544"]
[PlyCount "43"]
[EventDate "2007.11.11"]
[WhiteTeam "Stjernen 1"]
[BlackTeam "Follo 1"]

1. e4 c5 2. Nf3 Nc6 3. Bb5 a6 4. Bxc6 dxc6 5. b3 Bg4 6. Bb2 Nf6 7. d3 e6 8. h3
Bxf3 9. Qxf3 Be7 10. Nd2 Qa5 11. Qe3 O-O-O 12. O-O b5 13. a4 Qb6 14. Bc3 Qb7
15. Be5 b4 16. Nc4 Rhg8 17. a5 Nd7 18. Bd6 Bf6 19. e5 Bh4 20. g3 g5 21. Be7
Nxe5 22. Nb6+ 1-0

[Event "Østlandsserien 2007/2008, 1. div"]
[Site "Ås, Akershus NOR"]
[Date "2008.03.08"]
[Round "8"]
[White "Moberg, Jan Rune"]
[Black "Henriksen, Tor"]
[Result "0-1"]
[WhiteElo "1483"]
[BlackElo "1829"]
[PlyCount "94"]
[EventDate "2007.11.11"]
[WhiteTeam "Follo 1"]
[BlackTeam "Stjernen 1"]

1. d4 Nf6 2. c4 g6 3. Nf3 Bg7 4. g3 O-O 5. Bg2 d6 6. Nc3 Nbd7 7. O-O c6 8. Qc2
Qc7 9. b4 Nb6 10. c5 dxc5 11. bxc5 Nbd5 12. Bd2 Nxc3 13. Bxc3 Bf5 14. Qa4 Nd5
15. Bd2 Be4 16. Ng5 Bxg2 17. Kxg2 h6 18. Nf3 Kh7 19. e4 Nf6 20. Rfe1 b5 21. Qc2
a5 22. Rab1 Rfe8 23. h4 Rad8 24. Bf4 Qb7 25. Be5 Ng4 26. Bxg7 Kxg7 27. Qd2 Qc7
28. e5 h5 29. Qf4 Nh6 30. Rbd1 Qc8 31. e6 f6 32. Ng1 Rd5 33. Nh3 Qd8 34. Qd2
Nf5 35. Re4 Qc7 36. Nf4 Rdd8 37. Qc2 Rh8 38. d5 g5 39. hxg5 fxg5 40. Qc3+ Kh6
41. Nxh5 cxd5 42. Rh1 d4 43. Qf3 Qxc5 44. Nf6+ Kg6 45. Rxh8 Rxh8 46. Nd7 Qc1
47. Ne5+ Kg7 0-1

[Event "Østlandsserien 2007/2008, 1. div"]
[Site "Ås, Akershus NOR"]
[Date "2008.03.08"]
[Round "8"]
[White "Svanholm, Børge W"]
[Black "Lange, David"]
[Result "0-1"]
[WhiteElo "1766"]
[BlackElo "1522"]
[PlyCount "166"]
[EventDate "2007.11.11"]
[WhiteTeam "Stjernen 1"]
[BlackTeam "Follo 1"]

1. c4 Nf6 2. Nc3 g6 3. d4 Bg7 4. Nf3 d6 5. g3 Bg4 6. Bg2 c6 7. h3 Bxf3 8. Bxf3
Nbd7 9. O-O O-O 10. e4 c5 11. Be3 Qc8 12. b3 Rb8 13. Rc1 a6 14. Qd2 Rd8 15. Bg2
b5 16. cxb5 axb5 17. Qe2 c4 18. bxc4 Qxc4 19. Qd2 Qb4 20. Rb1 Qa5 21. Rfc1 Rdc8
22. f3 b4 23. Ne2 Rxc1+ 24. Nxc1 Qa4 25. Bf1 e6 26. Be2 d5 27. e5 Ne8 28. Bd1
Qa5 29. Nb3 Qb5 30. Be2 Qa4 31. Rc1 Bf8 32. Rc2 Qa7 33. Qc1 Qa3 34. Qd2 Qa7 35.
Qc1 Qa3 36. Qd2 Qa7 37. Kf2 Nc7 38. Qc1 Nb5 39. Bxb5 Rxb5 40. Rc8 Qxa2+ 41. Nd2
Qa7 42. Nb3 Rb8 43. Rc7 Rb7 44. Rc8 Qa2+ 45. Nd2 Kg7 46. Rc2 Qa3 47. Qb1 Ra7
48. Nb3 Be7 49. Nc5 Bxc5 50. dxc5 Nxe5 51. f4 Nd3+ 52. Ke2 b3 53. Rc3 Qa2+ 54.
Qxa2 bxa2 55. Rxd3 a1=Q 56. Bd4+ Qxd4 57. Rxd4 Rc7 58. Rd3 Rxc5 59. Ke3 Rc4 60.
Kf3 Kf6 61. g4 Ke7 62. Ra3 h5 63. Ra7+ Kf6 64. g5+ Kg7 65. Rd7 Rc3+ 66. Kg2 Kf8
67. h4 Ke8 68. Ra7 d4 69. Ra8+ Kd7 70. Ra7+ Ke8 71. Ra4 d3 72. Rd4 Ke7 73. Kf2
f6 74. Ke1 fxg5 75. fxg5 e5 76. Re4 Ke6 77. Kd2 Ra3 78. Re3 Kd5 79. Rf3 Ra2+
80. Kxd3 Ra3+ 81. Ke2 Rxf3 82. Kxf3 e4+ 83. Ke3 Ke5 0-1